Labor economics : (Record no. 31293)

000 -LEADER
fixed length control field 00833pam a2200253 i 4500
001 - CONTROL NUMBER
control field 392458
005 - DATE AND TIME OF LATEST TRANSACTION
control field 20220301161358.0
008 - FIXED-LENGTH DATA ELEMENTS--GENERAL INFORMATION
fixed length control field 790906s1980 njua b 001 0 eng
010 ## - LIBRARY OF CONGRESS CONTROL NUMBER
LC control number 79021218
020 ## - INTERNATIONAL STANDARD BOOK NUMBER
International Standard Book Number 0135174333
040 ## - CATALOGING SOURCE
Original cataloging agency DLC
Transcribing agency DLC
Modifying agency DLC
050 00 - LIBRARY OF CONGRESS CALL NUMBER
Classification number HD 4901,
Item number .F47 1980
082 00 - DEWEY DECIMAL CLASSIFICATION NUMBER
Classification number 331
100 1# - MAIN ENTRY--PERSONAL NAME
Personal name Fleisher, Belton M.
245 10 - TITLE STATEMENT
Title Labor economics :
Remainder of title theory, evidence, and policy /
Statement of responsibility, etc. Belton M. Fleisher, Thomas J. Kniesner.
250 ## - EDITION STATEMENT
Edition statement 2d ed.
260 ## - PUBLICATION, DISTRIBUTION, ETC. (IMPRINT)
Place of publication, distribution, etc. Englewood Cliffs, N.J. :
Name of publisher, distributor, etc. Prentice-Hall,
Date of publication, distribution, etc. c1980.
300 ## - PHYSICAL DESCRIPTION
Extent xiv, 449 p. :
Other physical details ill. ;
Dimensions 24 cm.
504 ## - BIBLIOGRAPHY, ETC. NOTE
Bibliography, etc Includes bibliographies and index.
650 #0 - SUBJECT ADDED ENTRY--TOPICAL TERM
Topical term or geographic name as entry element Labor economics.
700 1# - ADDED ENTRY--PERSONAL NAME
Personal name Kniesner, Thomas J.,
Relator term joint author.
906 ## - LOCAL DATA ELEMENT F, LDF (RLIN)
a 7
b cbc
c orignew
d 1
e ocip
f 19
g y-gencatlg
942 ## - ADDED ENTRY ELEMENTS (KOHA)
Source of classification or shelving scheme
Classification part HD 4901 .F47 1980
Koha item type Hard Covered Materials
Holdings
Withdrawn status Lost status Source of classification or shelving scheme Damaged status Not for loan Home library Current library Shelving location Date acquired Source of acquisition Cost, normal purchase price Total Checkouts Full call number Barcode Date last seen Price effective from Koha item type
          MACHAKOS UNIVERSITY LIBRARY MACHAKOS UNIVERSITY LIBRARY Open shelf 01/03/2022 Donation- Damaris Kimanzi 2385.00   HD 4901 .F47 1980 39065 01/03/2022 01/03/2022 Hard Covered Materials
© Machakos University Library, Along The Highway, Machakos Wote Rd, Machakos, Kenya P.O. Box 136 - 90100 Machakos - Kenya

Tel: ( +254 ) 723 805829 OR Fax : 044-20353 OR Email: library@mksu.ac.ke